Video game characters - Statistics

General Stats
  • This quiz has been taken 14 times
  • The average score is 5 of 6
Answer Stats
Hint Answer % Correct
Chun Li Street fighter
100%
Bowser Super Mario
100%
Master chief Halo
91%
Steve Minecraft
82%
Rico Rodriguez Just Cause
55%
Darth Vader Star Wars battlefront
45%
No matching quizzes found
Score Distribution
Percent of People with Each Score
Percentile by Number Answered
Your Score History
You have not taken this quiz